| 000 | 00668nam a2200241Ia 4500 | ||
|---|---|---|---|
| 003 | OSt | ||
| 005 | 20221006144916.0 | ||
| 006 | a|||||r|||| 00| 0 | ||
| 007 | ta | ||
| 008 | 221006b |||||||| |||| 00| 0 eng d | ||
| 020 |
_c _11.00 |
||
| 024 | _a13,154 | ||
| 037 | _cTextual | ||
| 040 |
_aEASL _cEASL _beng |
||
| 041 |
_2eng _aeng |
||
| 082 | _aV41:(Q6:65)wM15, L5 | ||
| 100 |
_aBURNS William C _9653119 |
||
| 245 | 0 | _aMemoir of the reverend William C Burns | |
| 260 |
_aSan _bFranscisco Chinese Materials Center _c1975 |
||
| 300 |
_a596p. _ccm. |
||
| 942 |
_hV41:(Q6:65)wM15, L5 _cTEXL _2CC |
||
| 999 |
_c1081240 _d1081240 |
||